MARC details
| 000 -CABECERA |
| campo de control de longitud fija |
02813nam a2200277 a 4500 |
| 001 - NÚMERO DE CONTROL |
| campo de control |
000015168 |
| 005 - FECHA Y HORA DE LA ÚLTIMA TRANSACCIÓN |
| campo de control |
20240409073638.0 |
| 008 - DATOS DE LONGITUD FIJA--INFORMACIÓN GENERAL |
| campo de control de longitud fija |
100202t2008 dr ach 001 0 spa d |
| 020 ## - NÚMERO INTERNACIONAL ESTÁNDAR DEL LIBRO |
| Número Internacional Estándar del Libro |
9789993429456 |
| 040 ## - FUENTE DE LA CATALOGACIÓN |
| Centro catalogador/agencia de origen |
DO-SdBNP |
| Lengua de catalogación |
spa |
| Centro/agencia transcriptor |
BNPHU |
| 082 ## - NÚMERO DE LA CLASIFICACIÓN DECIMAL DEWEY |
| Número de clasificación |
384.54065 |
| Número de documento/Ítem |
C697r |
| 100 1# - ENTRADA PRINCIPAL--NOMBRE DE PERSONA |
| Nombre de persona |
Collado, Lipe, |
| Fechas asociadas al nombre |
1947- |
| 9 (RLIN) |
79819 |
| 245 10 - MENCIÓN DE TÍTULO |
| Título |
Radio Caribe : |
| Resto del título |
en la Era de Trujillo / |
| Mención de responsabilidad, etc. |
Lipe Collado. |
| 260 ## - PUBLICACIÓN, DISTRIBUCIÓN, ETC. |
| Lugar de publicación, distribución, etc. |
Santo Domingo : |
| Nombre del editor, distribuidor, etc. |
Collado, |
| Fecha de publicación, distribución, etc. |
2008. |
| 300 ## - DESCRIPCIÓN FÍSICA |
| Extensión |
318 p. : |
| Otras características físicas |
il., facsíms., retrs. ; |
| Dimensiones |
24 cm. |
| 500 ## - NOTA GENERAL |
| Nota general |
Incluye índice onomástico. |
| 500 ## - NOTA GENERAL |
| Nota general |
Incluye datos biográficos del autor en la solapa. |
| 500 ## - NOTA GENERAL |
| Nota general |
Incluye bibliografía y notas al pie de páginas. |
| 504 ## - NOTA DE BIBLIOGRAFÍA, ETC. |
| Nota de bibliografía, etc. |
Bibliografía: p. 311 -312. |
| 505 0# - NOTA DE CONTENIDO CON FORMATO |
| Título |
Orígenes y nacimiento de la radio. Transistorización. La radio es infinita. Repliegue y confirmación. Características. Orígenes -- |
| -- |
Inicio de las telecomunicaciones en la RD. Inicio y desarrollo de la radio -- |
| -- |
Uso de la radio por Trujillo. Radio HIX. La voz del Partido Dominicano. La voz del Yuna. La voz Dominicana -- |
| -- |
La tiranía de Trujillo en la cuerda floja: Expediciones armadas de exiliados en 1959. Conspiraciones, persecusiones, torturas y asesinatos. Reacción de la iglesia católica. Atentado al presidente de Venezuela, Rómulo Betancourt. La conferencia de cancilleres americanos -- |
| -- |
En la antesala del terror oral: transmisiones de prueba de Radio Caribe. Inauguración de Radio Caribe. Su vinculación con la conferencia de cancilleres americanos -- |
| -- |
De cómo surgió Radio Caribe. Ejecutivos y personal. -- |
| -- |
La cadena presagiosa. El foro público, Radio Caribe. La Voz Dominicana -- |
| -- |
Tensando las cuerdas de Radio caribe. Euclides Gutiérrez Félix en zona de peligro. Los objetivos de Radio Caribe. Balaguer en la cuerda floja -- |
| -- |
Programación de Radio Caribe. De lunes a domingo. Transmisión en seis idiomas. Cultura. Programación especial de Semana Santa -- |
| -- |
Prisión, juicio y descargo de ejecutivo de Radio Caribe -- |
| -- |
Radio Caribe en la carrera radioarmamentista internacional. Apólogo de Radio Caribe: Euclides Gutiérrez Félix -- |
| -- |
Santiago Lamela Geler: estrella de Radio Caribe, la locución y la agitación. Su sección "II Nostro Osservatore, no romano, sino dominicano (un observatorio de Radio Caribe)" -- |
| -- |
Incendio y destrucción de Radio Caribe. ¿Quienes la destruyeron?. ¿Quién dio la orden?. Simbología de la destrucción. Eclipse y desaparición -- |
| -- |
Los comentarios de Radio Caribe -- |
| Información miscelánea |
Bibliografía-- |
| Título |
Índice onomástico |
| 590 ## - NOTA LOCAL (RLIN) |
| Nota local |
Inventariado, 2018/VM |
| 650 #4 - PUNTO DE ACCESO ADICIONAL DE MATERIA--TÉRMINO DE MATERIA |
| Término de materia o nombre geográfico como elemento de entrada |
Radioemisoras |
| Subdivisión general |
Historia |
| Subdivisión geográfica |
República Dominicana |
| 9 (RLIN) |
34343 |
| 650 #4 - PUNTO DE ACCESO ADICIONAL DE MATERIA--TÉRMINO DE MATERIA |
| Término de materia o nombre geográfico como elemento de entrada |
Política y medios de comunicación de masas |
| Subdivisión general |
Historia |
| -- |
República dominicana |
| 9 (RLIN) |
34344 |
| 710 02 - PUNTO DE ACCESO ADICIONAL--NOMBRE DE ENTIDAD CORPORATIVA |
| Nombre de entidad corporativa o nombre de jurisdicción como elemento de entrada |
Radio Caribe (República Dominicana) |
| 9 (RLIN) |
34345 |
| 910 ## - DATOS DE OPCIÓN DEL USUARIO (OCLC) |
| Datos de opción del usuario |
Validado. Control de calidad EMS. |